LEARNING THE LAW (Record no. 34098)

MARC details
000 -LEADER
fixed length control field 00304nam a22001457a 4500
003 - CONTROL NUMBER IDENTIFIER
control field SGT
020 ## - INTERNATIONAL STANDARD BOOK NUMBER
International Standard Book Number 9789393702586
082 ## - DEWEY DECIMAL CLASSIFICATION NUMBER
Classification number 340
Item number WIL
100 ## - MAIN ENTRY--PERSONAL NAME
Personal name WILLIAMS GLANVILLE
245 ## - TITLE STATEMENT
Title LEARNING THE LAW
250 ## - EDITION STATEMENT
Edition statement 17
260 ## - PUBLICATION, DISTRIBUTION, ETC. (IMPRINT)
Place of publication, distribution, etc LONDON
Name of publisher, distributor, etc THOMPSON REUTERS
Year of Publication 2020
300 ## - PAGE DESCRIPTION
No. of Pages 289
942 ## - ADDED ENTRY ELEMENTS (KOHA)
Source of classification or shelving scheme Dewey Decimal Classification
Koha item type Books
Holdings
Withdrawn status Lost status Source of classification or shelving scheme Damaged status Not for loan Collection code Home library Current library Shelving location Date acquired Vendor Name Cost, normal purchase price SGTU Bill Number Full call number Accession No. (Barcode) Date last seen Bill Date Koha item type Total Checkouts
    Dewey Decimal Classification   Not For Loan LAW SGT Science & Social Sciences Library SGT Science & Social Sciences Library Reference Book 17/02/2026 ZAFFA BOOKS 495.00 SGTU ZBD0421 340 WIL FL4076 17/02/2026 04/02/2026 Books  
    Dewey Decimal Classification     LAW SGT Science & Social Sciences Library SGT Science & Social Sciences Library Text Book 17/02/2026 ZAFFA BOOKS 495.00 SGTU ZBD0421 340 WIL FL4077 17/02/2026 04/02/2026 Books  
    Dewey Decimal Classification     LAW SGT Science & Social Sciences Library SGT Science & Social Sciences Library Text Book 17/02/2026 ZAFFA BOOKS 495.00 SGTU ZBD0421 340 WIL FL4078 17/02/2026 04/02/2026 Books  
    Dewey Decimal Classification     LAW SGT Science & Social Sciences Library SGT Science & Social Sciences Library Text Book 17/02/2026 ZAFFA BOOKS 495.00 SGTU ZBD0421 340 WIL FL4079 17/02/2026 04/02/2026 Books  
    Dewey Decimal Classification     LAW SGT Science & Social Sciences Library SGT Science & Social Sciences Library Text Book 17/02/2026 ZAFFA BOOKS 495.00 SGTU ZBD0421 340 WIL FL4080 17/02/2026 04/02/2026 Books